000 00548nam a2200205Ia 4500
005 20250508165714.0
008 008 250505s9999 xx 000 0 eng d
037 _aTextual
040 _aFEDL
_beng
_cFEDL
041 _aeng
_2eng
084 _a823, DEN
_qFEDL
100 _aDenenberg Barry
_9781682
245 0 _aAtticus of Rome : Rome 30 B.C
260 _aNew York, USA
_bScholastic Inc.
_c2004
300 _a166p.
365 _aINR
_b100
490 _aLife and time
942 _cTEXL
_h823, DEN
999 _c1396874
_d1396874